Karrierestationen von Fußballern #4 - Statistiken

Allgemein
  • Dieses Quiz wurde 96 mal gespielt
  • Das Durchschnittsergebnis liegt bei 12 aus 15
Antwortstatistiken
Hint Antwort % Korrekt
FC Barcelona --> Paris-Saint-Germain --> Inter Miami Lionel Messi
100%
Znicz Pruszków --> Lech Posen --> Borussia Dortmund --> FC Bayern München --> FC Barcelona Robert Lewandowski
95%
Borussia Mönchengladbach --> FC Barcelona Marc-André ter Stegen
94%
Dinamo Zagreb --> RB Leipzig --> Manchester City Josko Gvardiol
86%
Figueirense FC --> Tombense --> Figueirense FC --> Tombense --> TSG Hoffenheim --> Liverpool FC --> Al Ahli Roberto Firmino
86%
FC Southampton --> Tottenham Hotspur --> Real Madrid --> Tottenham Hotspur --> Real Madrid --> LAFC Gareth Bale
84%
Werder Bremen --> RB Leipzig --> Herta BSC --> Werder Bremen --> Hertha BSC --> 1. FC Köln --> Hamburger SV Davie Selke
83%
FC Istres --> RB Salzburg --> RB Leipzig --> Liverpool FC --> Werder Bremen --> Ferencvárosi TC Naby Keïta
78%
VFB Stuttgart --> Bayer Leverkusen --> FC Arsenal --> FC Fulham Bernd Leno
77%
Karlsruher SC --> FC Bayern München Oliver Kahn
77%
FC Valencia --> FC Barcelona --> Inter Miami Jordi Alba
75%
São Paulo FC --> Real Madrid --> FC Porto --> Real Madrid --> Manchester United Casemiro
74%
Liverpool FC --> Manchester City --> FC Chelsea --> Arsenal FC --> FC Chelsea (bevorstehendes Leihende) Raheem Sterling
70%
Ajax Amsterdam --> Bayern München --> Manchester United Noussair Mazraoui
69%
1. FC Kaiserslautern --> SV Werder Bremen --> TSG Hoffenheim Tim Wiese
38%
Keine übereinstimmenden Quizze gefunden
Verteilung der Resultate
Anzahl Personen mit jedem Resultat
Perzentil nach korrekt beantworteten Fragen
Ihre Resultats-Entwicklung
Sie haben dieses Quiz noch nicht gespielt